000
00319nam a2200109Ia 4500
008
171211s9999 xx 000 0 und d
245
4
_a
The Alfred Hitchcock Encyclopedia
245
_c
Stephen Whitty
260
_c
2016
650
_x
Encyclopedia and Dictionary
856
_u
http://down.ebook777.com/064/9781442251595.pdf
999
_c
350146
_d
350146